عرض عادي
عرض مارك
- Watts, Cedric,
مدخل إسم شخص
001 - رقم الضبط
- حقل الضبط: 57097
003 - معرف رقم الضبط
- حقل الضبط: OSt
005 - تاريخ ووقت أخر عملية
- حقل الضبط: 20161205095416.0
008 - عناصر بيانات ثابتة الطول
- حقل تحكم ثابت الطول: 161205|| aca||aabn | a|a d
040 ## - مصدر الفهرسة
- هيئة الفهرسة الأصلية: OSt
- وكالة الكتابة: OSt
100 ## - مدخل -- أسم شخص
- إسم شخص: Watts, Cedric,
- تواريخ مرتبطة بالاسم: 1937-
670 ## - بيانات المصدر موجوده
- الاستشهاد بالمصدر: Work cat.: (OSt)0: Conrad, Joseph, 1857-1924. 57093, Heart of darkness and other tales /, 2008.
